00741nam a22002057a 450000500170000001000150001702000260003203500140005803700090007208200060008110000300008724500320011725000060014926000480015527001210020330000210032494200200034599900190036595201510038420260514110116.0 aENG-148481 a9789389624762c350.00 aEN-132013 bDBAD aS aSharma, Alpna Das 989082 aMahajaya/cAlpna Das Sharma a1 bVishwakarma Publicationsc2024aMaharashtra a34A/1, Suyog Center, 7th floor, Gultekedi Marketyard Road, Giridhar Bhavan Chowk, e411037bPuneminfo@vpindia.co.in a244p.c21cm (pb) 2ddccENhSmSHA c216159d216159 001040708FICaKGMbKGMd2026-05-14eDelivery of Books Act Divisiong350.00l0oS SHApEN-132013r2026-05-14 10:57:48t1v350.00w2026-05-14yEN